| 000 | 00875nam a2200217Ia 4500 | ||
|---|---|---|---|
| 003 | GCL | ||
| 008 | 140319s9999 xx 000 0 ara d | ||
| 020 | _a6719501977 | ||
| 040 |
_aGCL / _cGCL |
||
| 082 | 0 | 4 |
_aق _b382.962041 _bم ع |
| 100 | 1 | _aمرفت صبحى غالى | |
| 245 | 1 | 0 |
_aالعلاقات الاقتصادية بين مصر وبريطانيا ( 1935 - 1945 ) / _cمرفت صبحى غالى |
| 260 |
_aالقاهرة : _bالهيئة المصرية العامة للكتاب ، _c2001 |
||
| 300 |
_a471 ص ؛ _c22 سم |
||
| 490 |
_aتاريخ المصريين _v204 |
||
| 650 | 0 | 4 | _aبريطانيا - الاحوال الاقتصادية |
| 650 | 0 | 4 | _aمصر - الاحوال الاقتصادية |
| 650 | 0 | 4 | _aمصر - العلاقات الاقتصادية |
| 650 | 0 | 4 | _aمصر - العلاقات الخارجية - بريطانيا |
| 942 |
_2ddc _cBK |
||
| 999 |
_c51015 _d51015 |
||